Szczegóły MARC21

Zeszyt trzylatka /

003 -Nazwa inst., której nr kontr. jest w polu 001 [,]
    • @
    • Nazwa instytucji, której n kontrolny jest w polu 001
    • NUKAT
005 -DATA I CZAS OSTATNIEJ MODYFIKACJI [,]
    • @
    • pole kontrolne
    • 20241231111649.0
020 -Międzynarod. znormalizowany nr książki - ISBN [ , ]
    • a
    • Numer ISBN
    • 8310099789 Find
040 -Instytucja sporządzająca opis [ , ]
    • a
    • Instytucja, która sporządziła opis (NP)
    • Ł U/AP
    • c
    • Instytucja, która sporządziła rekord (NP)
    • Ł U/AP
    • d
    • Instytucja, która zmodyfikowała rekord (P)
    • Ł U/AP
    • d
    • Instytucja, która zmodyfikowała rekord (P)
    • Ł U/MWs
942 -Rodzaj dokumentu [ , ]
    • c
    • Rodzaj dokumentu
    • Książka
100 -Hasło główne - nazwa osobowa [1, ]
    • a
    • Nazwa osobowa (NP)
    • Janiak, Maria.
    • 9
    • KHW
    • 713569
245 -Strefa tytułu i oznaczenia odpowiedzialności [1,0]
    • a
    • Tytuł
    • Zeszyt trzylatka / Find
    • c
    • Pozostałe elementy strefy tytułu i oznaczenia odpowiedzialności (NP)
    • Maria Janiak.
260 -Strefa adresu wydawniczego [ , ]
    • a
    • Miejsce wydania (P)
    • Warszawa :
    • b
    • Nazwa wydawcy (P)
    • Wydawnictwo "Nasza Księgarnia",
    • c
    • Data wydania (P)
    • 1996.
300 -Strefa opisu fizycznego [ , ]
    • a
    • Określenie formy książki i/lub objętość (NP)
    • 24 s. :
    • b
    • Oznaczenie ilustracji (NP)
    • il. ;
    • c
    • Format (NP)
    • 22x24 cm.
336 -Typ zawartości [ , ]
    • a
    • Termin opisujący typ zawartości
    • Tekst
    • b
    • Kod określający zawartość
    • txt
    • 2
    • Źródło (terminu i kodu)
    • rdacontent
337 -Typ mediów [ , ]
    • a
    • Tryb odtwarzania
    • Bez urządzenia pośredniczącego
    • b
    • Kod typu mediów
    • n
    • 2
    • Źródło (terminu i kodu)
    • rdamedia
338 -Typ/rodzaj nośnika [ , ]
    • a
    • Hasło opisujące typ nośnika
    • Wolumin
    • b
    • Kod typu nośnika
    • nc
    • 2
    • Źródło (terminu i kodu)
    • rdacarrier
080 -Uniwersalna Klasyfikacja Dziesiętna [ , ]
    • 2
    • Identyfikator wydania tablic
    • UDC-P058
    • 9
    • UKD
    • 3891
    • a
    • Symbol klasyfikacji
    • 373.2
    • b
    • Dopowiedzenie
    • Wychowanie przedszkolne. Nauczanie przedszkolne.
    • 4
    • UKD2
    • 8319
    • x
    • Poddział wspólny
    • (02.025.2)
    • c
    • Dopowiedzenie poddz. wspólnego
    • (Książki bogato ilustrowane).
650 -Hasło przedmiotowe [ ,7]
    • a
    • Hasło przedmiotowe
    • Nauczanie przedszkolne.
    • 2
    • Źródło terminu
    • kaba
    • 9
    • KHW
    • 120679
655 -Hasło w funkcji tematu formalnego [ ,7]
    • a
    • Hasło
    • Książki do kolorowania.
    • 2
    • Źródło terminu
    • kaba
    • 9
    • KHW
    • 209778
980 -Symbol UKD [ , ]
    • a
    • UKD
    • 373.2(02.025.2)
710 -Hasło dodatkowe - nazwa ciała zbiorowego [2, ]
    • a
    • Nazwa ciała zbiorowego lub nazwa geograficzna jako pierwszy element (NP)
    • Wydawnictwo "Nasza Księgarnia".
    • 4
    • Kod relacji
    • pbl
    • 9
    • KHW
    • 94709
920 -ISBN [ , ]
    • a
    • ISBN
    • 83-10-09978-9 Find
Numer inwentarzowy Status udost. Lokalizacja Data inwentaryzacji
Pd.104881BG1997-12-11